000 00675nam a22002052 4500
001 0000001087
005 20151021151051.0
008 070226s xx 000 0 eng d
020 _a0801021669 :
_cKES 3,579
040 _aKABU
_cKABU
050 0 _aBV1473
_b.F68
245 1 0 _aFoundations of ministry :
_ban introduction to Christian education for a new generation /
_ced. by Michael J. Anthony.
260 _aGrand Rapids, Michigan :
_bBaker Books,
_c1992.
300 _a400 p.
650 0 _aChristian education.
_@0000149610
700 1 _aAnthony, Michael J.
_@0000159241
908 _a070226
950 _@1
999 _c302
_d302